00692 a2200157 4500003000500000005001700005010001600022020001700038040000900055082001800064100001900082245007200101260003000173300001300203505031800216Nust20221228172341.0 a 83131823 a0852744137 : cNust a621.38804,SPR1 aSproson, W. N.10aColour science in television and display systems /bW. N. Spronson aBristol :bHilger,c1983. a[214] p. aIntroduction To Basic Colorimetry (Page-1), Colour Analysis For Cameras And Telecine Machines (Page-27), The TV Transmission System And The Concept Of Transmission Primaries (Page-60), Optical Components (Page-80), Colour Display Tubes (Page-100), Colour In Fine Detail (Page-119), Overall Assessment (Page-145).